Statistics for Countries by French Ancestry

Click here to take the quiz!

General Stats

  • This quiz has been taken 69 times
  • The average score is 14 of 20

Answer Stats

Total%Country% Correct
12.500.00035.0%Canada
100%
11.500.0004.0%United States
100%
3.000.0004.5%United Kingdom
95%
2.500.0001.2%Brazil
93%
4.500.00040.0%Belgium
89%
300.0000.5%Italy
89%
6.200.00018.0%Argentina
88%
2.000.00025.0%Switzerland
88%
125.0000.8%Australia
86%
900.0005.0%Chile
84%
30.0000.1%Mexico
80%
255.0000.8%Peru
75%
12.0000.1%New Zealand
73%
420.00012.5%Uruguay
63%
350.0002.5%South Africa
55%
40.0000.7%Senegal
30%
25.0000.5%Lebanon
27%
100.0000.6%Madagascar
27%
2.0002.3%Seychelles
20%
22.0002.0%Mauritania
5%

Score Distribution

Percentile by Number Answered

Percent of People with Each Score

Your Score History

You have not taken this quiz